书目信息 |
| 题名: |
姊妹革命
|
|
| 作者: | 苏珊·邓恩 ;杨小刚 | |
| 分册: | ||
| 出版信息: | 上海 上海文艺出版社 2003 |
|
| 页数: | 256页 | |
| 开本: | 20cm | |
| 丛书名: | ||
| 单 册: | ||
| 中图分类: | K56 | |
| 科图分类: | ||
| 主题词: | 西欧--历史 | |
| 电子资源: | ||
| ISBN: | 7-5321-2410-X | |
| 000 | 00671nam0 2200205 450 | |
| 001 | 0728815141 | |
| 005 | 20070819080015.14 | |
| 010 | @a7-5321-2410-X@d¥16.00 | |
| 100 | @a20070819d km y0chiy0120 ea | |
| 101 | 0 | @achi |
| 200 | 1 | @a姊妹革命@Azi mei ge ming@e美国革命与法国革命启示录@f苏珊.邓恩@Fsu shan.deng en@g杨小刚@Gyang xiao gang |
| 210 | @a上海@c上海文艺出版社@d2003 | |
| 215 | @a256页@d20cm | |
| 517 | 1 | @a美国革命与法国革命启示录@Amei guo ge ming yu fa guo ge ming qi shi lu |
| 606 | 0 | @a西欧@x历史 |
| 690 | @aK56@v3 | |
| 701 | 0 | @a苏珊·邓恩@Asu shan·deng en |
| 702 | 0 | @a杨小刚@Ayang xiao gang |
| 801 | 0 | @aCN@bPFT@c20070819 |
| 905 | @a213230@dK56@eZW3@f1 | |
| 姊妹革命:美国革命与法国革命启示录/苏珊.邓恩/杨小刚.-上海:上海文艺出版社,2003 |
| 256页;20cm |
| ISBN 7-5321-2410-X:¥16.00 |
| ● |
| 相关链接 |
|
|
|
|
正题名:姊妹革命
索取号:K56/ZW3
 
预约/预借
| 序号 | 登录号 | 条形码 | 馆藏地/架位号 | 状态 | 备注 |
| 1 | 7611357 | 276113572 | 密集书库-文学院/ [索取号:K56/ZW3] | 在馆 |